| 000 | 00793nam a2200205 a 4500 | ||
|---|---|---|---|
| 001 | 000041940 | ||
| 005 | 20201002035837.0 | ||
| 008 | 131017s1998 sp a 000 0 spa d | ||
| 020 | _a8400077725 | ||
| 040 |
_aDO-SdBNP _bspa _cBNPHU |
||
| 100 | 1 |
_aFernández Juncal, Carmen _968854 |
|
| 245 | 1 | 4 |
_aVariación y prestigio : _bestudio soiolingüístico en el oriente de Cantabria / _cCarmen Fernández Juncal. |
| 260 |
_aMadrid : _bCSIC, _c1998. |
||
| 300 |
_a250 p. : _bil. ; _c25 cm. |
||
| 490 | 1 |
_aBiblioteca de filología hispánica _v21 |
|
| 504 | _aBibliografía : p. 3231-250 | ||
| 504 | _aIncluye referencias bibliográficas y notas al pie de las páginas | ||
| 710 | 2 |
_aConsejo Superior de Investigaciones Científicas, _94786 |
|
| 830 | 0 |
_aBiblioteca de filología hispánica _v21 _967489 |
|
| 999 |
_c41429 _d41429 |
||